| 000 | 01131nam a22003257a 4500 | ||
|---|---|---|---|
| 003 | CHAP | ||
| 005 | 20241112133727.0 | ||
| 008 | 971013s1981 r 00010 d | ||
| 010 | _a73275 | ||
| 011 | _a74247 | ||
| 035 | _a83806 | ||
| 040 | _cCHAP | ||
| 090 | _aTesis | ||
| 100 | 0 | 0 |
_aBarocio León, Laura Dalia. _910286 |
| 245 | _aInfluencia del manejo de los bovinos de abasto sobre los niveles de glucógeno y pH de la carne, en dos rastros del Distrito Federal | ||
| 260 |
_aMéxico, D. F. : _bEl autor, _c1981 |
||
| 300 | _a26 h. | ||
| 502 | _aTesis (Médico Veterinario Zootecnista) -- UNAM. Fac. de Medicina Veterinario Zootecnista | ||
| 590 |
_aALEPH _b10 _c20130110 _lUCH01 _h1415 |
||
| 590 |
_aBATCH-UPD _b10 _c20130110 _lUCH01 _h0755 |
||
| 590 |
_aBATCH-UPD _b10 _c20130410 _lUCH01 _h0435 |
||
| 590 |
_aBATCH-UPD _b10 _c20130914 _lUCH01 _h0538 |
||
| 590 |
_aCONVERSION _b10 _c20130109 _lUCH01 _h1340 |
||
| 650 | 1 | 4 |
_aGanado vacuno _xAlojamiento. _945431 |
| 650 | 1 | 4 |
_aGanado vacuno _xTransporte. _945521 |
| 650 | 1 | 7 |
_apH _xMedición _2 _987753 |
| 901 | _aBK | ||
| 942 | _cTESIS | ||
| 949 |
_bBC _cTES _d-38622 _eTS1 _i83806 _si |
||
| 999 |
_c73275 _d73275 |
||